Focus sur: Elwine - Tolkien - Statistiques

Statistiques générales
  • Ce quiz a été pris 14 fois
  • Le résultat moyen est 8 sur 11
Statistiques - réponses
Informations recherchées Réponses % Correct
Couleur des cheveux Blond
100%
Cité Edoras
86%
Espèce Homme
86%
Première apparition Le Seigneur des Anneaux: Le Retour du Roi
86%
Royaume Rohan
86%
Profession et titre Roi du Rohan
86%
Maison (lignée) Maison d'{Eorl}
71%
Ages durant lequel il vécut Quatrième
71%
Père Éomer
43%
Surnom Le {Blond}
29%
Mère Lothíriel
14%
Aucun quiz correspondant
Distribution des résultats
% des personnes avec chaque résultat
Percentile par nombre de réponses
Votre historique - résultats
Vous n’avez pas pris ce quiz